Online
Catalog

An almanac of liberty / (Record no. 2379)

MARC details
000 -CABECERA
campo de control de longitud fija 00545cam a2200169 a 4500
001 - NÚMERO DE CONTROL
campo de control 000002543
005 - FECHA Y HORA DE LA ÚLTIMA TRANSACCIÓN
campo de control 20200929150218.0
008 - DATOS DE LONGITUD FIJA--INFORMACIÓN GENERAL
campo de control de longitud fija 730905s1954 nyu 001 0 eng
040 ## - FUENTE DE LA CATALOGACIÓN
Centro catalogador/agencia de origen DO-SdBNP
Lengua de catalogación spa
Centro/agencia transcriptor BNPHU
082 ## - NÚMERO DE LA CLASIFICACIÓN DECIMAL DEWEY
Número de clasificación 323.4
Número de documento/Ítem D733a
100 1# - ENTRADA PRINCIPAL--NOMBRE DE PERSONA
Nombre de persona Douglas, William O.
Forma completa/desarrollada del nombre (William Orville),
Fechas asociadas al nombre 1898-1980.
9 (RLIN) 7992
245 13 - MENCIÓN DE TÍTULO
Título An almanac of liberty /
Mención de responsabilidad, etc. William O. Douglas.
260 ## - PUBLICACIÓN, DISTRIBUCIÓN, ETC.
Lugar de publicación, distribución, etc. New York :
Nombre del editor, distribuidor, etc. Doubleday & Company,
Fecha de publicación, distribución, etc. 1954.
300 ## - DESCRIPCIÓN FÍSICA
Extensión xx, 409 p. ;
Dimensiones 22 cm.
650 #4 - PUNTO DE ACCESO ADICIONAL DE MATERIA--TÉRMINO DE MATERIA
Término de materia o nombre geográfico como elemento de entrada Ley
Subdivisión geográfica Estados Unidos
9 (RLIN) 7993
650 #4 - PUNTO DE ACCESO ADICIONAL DE MATERIA--TÉRMINO DE MATERIA
Término de materia o nombre geográfico como elemento de entrada Derecho civil
Subdivisión geográfica Estados Unidos
9 (RLIN) 7994
Holdings
Estado de retiro Estado de pérdida Restricciones de uso No para préstamo Código de colección Localización permanente Ubicación/localización actual Ubicación en estantería Fecha de adquisición Número de inventario Total de préstamos Signatura topográfica completa Código de barras Fecha visto por última vez Precio válido a partir de Tipo de ítem Koha
    Préstamo interno   Monografías: Libros y Folletos General General En catalogación 16.09.2009 LF1   323.4 D733a 2543-10 25.06.2020 25.06.2020 Préstamo interno

Powered by Koha